Alberoni ó La astucia contra el poder (Record no. 163807)

MARC details
000 -LEADER
campo de control de longitud fija 01072nam a22002175i 4500
001 - NÚMERO DE CONTROL
campo de control 163807
003 - IDENTIFICADOR DE NÚMERO DE CONTROL
campo de control ES-MaACL
005 - FECHA Y HORA DE LA ÚLTIMA TRANSACCIÓN
campo de control 20250929063238.0
008 - DATOS DE LONGITUD FIJA--INFORMACIÓN GENERAL
campo de control de longitud fija 990727s1846 sp |||| | spa d
040 ## - FUENTE DE CATALOGACIÓN
Centro catalogador/agencia de origen CCPB | B
Lengua de catalogación spa
Centro/agencia transcriptor CCPB | B
100 1# - ENTRADA PRINCIPAL--NOMBRE DE PERSONA
Nombre de persona Rodríguez Rubí, Tomás,
Fechas asociadas al nombre 1817-1890
9 (RLIN) 131953
245 10 - MENCIÓN DEL TÍTULO
Título Alberoni ó La astucia contra el poder
Resto del título : comedia original en cuatro actos y en verso /
Mención de responsabilidad, etc. de Tomás Rodríguez Rubí.
260 ## - PUBLICACIÓN, DISTRIBUCIÓN, ETC.
Lugar de publicación, distribución, etc. Madrid :
Nombre del editor, distribuidor, etc. [Manuel Delgado],
Fecha de publicación, distribución, etc. 1846 (
Fabricante Imprenta de Antonio Yenes)
300 ## - DESCRIPCIÓN FÍSICA
Extensión 78 p. ;
Dimensiones 19 cm.
490 1# - MENCIÓN DE SERIE
Mención de serie Galería dramática
500 ## - NOTA GENERAL
Nota general En port.: Representada por primera vez en el teatro del Príncipe, el 28 de mayo de 1846, a beneficio de la primera actriz doña Matilde Díez.
740 3# - ENTRADA AGREGADA--TÍTULO RELACIONADO/ANALÍTICO NO CONTROLADO
Título relacionado o analítico no controlado La astucia contra el poder.
830 0# - PUNTO DE ACCESO ADICIONAL DE SERIE-TÍTULO UNIFORME
Título uniforme Galería dramática
9 (RLIN) 186796
852 ## - LOCALIZACIÓN
Ubicación ES-MaACL
Número de control de estantería F-8585(4)
Nota libre -- Enc. pasta española
-- -- Enc. en un vol. facticio, formando parte de la col. facticia: "Teatro español moderno", vol. 38
Encuadernación -- Edic.: el dato de serie debe consta en la cub.
Holdings
Estatus retirado Estado de pérdida Estado de daño No para préstamo Colección Biblioteca de origen Biblioteca actual Ubicación en estantería Fecha de adquisición Total de préstamos Signatura topográfica completa Código de barras Visto por última vez Precio de reemplazo Tipo de ítem Koha
        Libros del s. XIX Biblioteca del Ateneo de Madrid Biblioteca del Ateneo de Madrid Sala Pecera Planta 2 17/01/2008   F-8585(4) 1171668 23/02/2023 23/02/2023 Libro impreso antiguo